000 00365nam a2200157Ia 4500
008 241228s9999 xx 000 0 und d
020 _a9781032551531
082 _a579.6 SRI/E
100 _aSridhar, Kandikere R
245 0 _aEcology of macrofungi :
260 _aBoca Raton,
260 _bCRC Press,
260 _c2024
300 _axii, 334p.
942 _cBK
999 _c40120
_d40120